000 00402nam a2200169Ia 4500
008 151213s9999 xx 000 0 und d
020 _a9.7881868068e+012
100 _aSamsad
245 _aBengali to English Dictionary
_cSamsad
250 _a3rd
260 _aCalcutta
_bS.S Samsad
_c2000
300 _a8503 p.
650 _aDictionary
650 _aReference
700 _aSamsad
999 _c4340
_d4340